| 000 | 00551nam a22001577a 4500 | ||
|---|---|---|---|
| 999 |
_c14191 _d14191 |
||
| 003 | AR-CdUCM | ||
| 008 | 190422b ||||| |||| 00| 0 spa d | ||
| 040 |
_aMUNICIPALIDAD PROVINCIAL DEL CUSCO _cBIBLIOTECA MUNICIPAL DEL CUSCO |
||
| 082 |
_aC / 711/ 409 / _bP942 |
||
| 245 | _aPresupuesto de reglamento edilicia para la zona monumental de la ciudad del Cuzco / | ||
| 260 |
_aCuzco : _bCopesco, _c1971. |
||
| 300 |
_a119 páginas ; _bFotografĂas, planos. _c29.5 cm. |
||
| 650 |
_aPlan copesco. _924631 |
||
| 942 |
_2ddc _cLIBROS |
||
| 945 |
_awfj _d2019-04-22 |
||